[Event "chess.com SpeedChess 2024"]
[Site "chess.com INT"]
[Date "2024.08.09"]
[Round "2.9"]
[White "Nakamura, Hi"]
[Black "Nepomniachtchi, I."]
[Result "1-0"]
[WhiteElo "2802"]
[BlackElo "2770"]
[PlyCount "87"]
[EventDate "2024.07.25"]
[EventType "k.o."]

1. Nf3 Nf6 2. g3 d5 3. Bg2 Bf5 4. d3 c5 ({RR} 4... Nc6 5. Nh4 Be6 6. Nd2 g5 7. Nhf3 g4 8. Nh4 Bh6 9. Nb3 Bxc1 10. Qxc1 Qd6 11. c3 O-O-O 12. d4 Nd7 13. Qc2 Rdg8 14. O-O-O Rg5 15. f4 gxf3 16. exf3 Rh5 17. Rhe1 Rg8 18. Bf1 Rxh4 19. gxh4 {Gonda,L (2535)-Breier,A (2387) Germany 2013 1-0}) 5. c4 ({RR} 5. Nbd2 e6 6. O-O Be7 7. Re1 O-O 8. a4 Nc6 9. b3 Qb6 10. Bb2 Na5 11. Rb1 Rac8 12. c4 d4 13. h3 Nd7 14. Ba3 Bg6 15. Nxd4 Bg5 16. N4f3 Bxd2 17. Nxd2 Rfe8 18. b4 cxb4 19. Bxb4 Nc6 {Benazzo,A (1691)-Kostov,T (1222) Davos 2020 ½-½ (69)}) 5... dxc4 $146 ({RR} 5... e6 6. O-O Nc6 7. Qa4 Bd6 8. Nc3 d4 9. Nb5 O-O 10. Nxd6 Qxd6 11. a3 a5 12. Nh4 Bg4 13. Qc2 e5 14. Rb1 Bd7 15. Qd2 h6 16. h3 Rae8 17. Kh2 Nh7 18. Bxc6 Qxc6 19. Qxa5 e4 20. Ng2 {Ritz,O (2059)-Haemmerlein,T (2167) Berlin 2004 1-0 (39)}) 6. Qa4+ Bd7 7. Qxc4 e6 8. Ne5 Qc7 9. Nxd7 Qxd7 10. Be3 Na6 11. Nc3 Be7 12. O-O O-O 13. Qb5 Qxb5 14. Nxb5 Nd5 15. Bd2 Nab4 16. Rfc1 a6 17. Nc3 Rfd8 18. Kf1 Rac8 19. Rab1 Nc6 20. Na4 Nd4 21. Ba5 Re8 22. e3 Nc6 23. Bd2 Ncb4 24. Bxb4 Nxb4 25. Bxb7 Rb8 26. Bf3 Nxa2 27. Rc4 Nb4 28. Ke2 Red8 29. Rd1 Rb5 30. h4 f5 31. h5 Kf7 32. g4 g6 33. hxg6+ hxg6 34. gxf5 gxf5 35. Rh1 Nxd3 36. Rh7+ Kf6 37. Rh6+ Ke5 38. Bh5 Nxb2 39. Bf7 Rd6 40. Nc3 Rd2+ 41. Kxd2 Nxc4+ 42. Kd3 Nb2+ 43. Kc2 Kd6 44. Nxb5+ 1-0

[Event "chess.com SpeedChess 2024"]
[Site "chess.com INT"]
[Date "2024.08.09"]
[Round "2.11"]
[White "Nakamura, Hi"]
[Black "Nepomniachtchi, I."]
[Result "1-0"]
[WhiteElo "2802"]
[BlackElo "2770"]
[PlyCount "103"]
[EventDate "2024.07.25"]
[EventType "k.o."]

1. Nf3 d5 2. g3 g6 3. d4 Nf6 4. Bg2 Bg7 5. O-O O-O 6. a4 a5 7. c3 c6 8. Nbd2 Nbd7 9. Re1 Re8 10. e4 dxe4 11. Nxe4 Nxe4 12. Rxe4 Nf6 $146 ({RR} 12... e5 13. dxe5 Nxe5 14. Qxd8 Rxd8 15. Bg5 Rd5 16. Nxe5 Rxe5 17. Rxe5 Bxe5 18. Re1 f6 19. Bh6 Kf7 20. Bf1 Be6 21. Be3 Bc7 22. Bc5 Rd8 23. b4 axb4 24. cxb4 Rd2 25. a5 Be5 26. a6 bxa6 27. Bxa6 {Abbasova,A (2170)-Mendes Aaron Reeve (2334) chess.com INT 2025 0-1 (44)}) 13. Re1 Be6 14. Rxe6 fxe6 15. Qe2 h6 16. Bh3 Kh7 17. Bxe6 Rf8 18. Bb3 Nd5 19. Bc2 Qd6 20. Ne5 Bxe5 21. dxe5 Qe6 22. Qh5 Rf5 23. Bxf5 Qxf5 24. Qxh6+ Kg8 25. Qg5 Qe4 26. Bd2 Rf8 27. Re1 Qc2 28. h4 Kf7 29. h5 gxh5 30. Qxh5+ Ke6 31. Qh6+ Kf7 32. Qh5+ Ke6 33. Qg4+ Qf5 34. Qxf5+ Kxf5 35. f3 b5 36. axb5 cxb5 37. Re4 Ke6 38. Kg2 Nb6 39. b3 Ra8 40. Bc1 a4 41. bxa4 bxa4 42. Ba3 Nd5 43. c4 Nc3 44. Re3 Nb1 45. f4 Nd2 46. Rc3 Rb8 47. c5 Ne4 48. Rc4 Nxg3 49. Kxg3 Rb3+ 50. Kg4 Rxa3 51. c6 Kd5 52. Rc1 1-0

[Event "chess.com SpeedChess 2024"]
[Site "chess.com INT"]
[Date "2024.08.09"]
[Round "2.17"]
[White "Nakamura, Hi"]
[Black "Nepomniachtchi, I."]
[Result "1-0"]
[WhiteElo "2802"]
[BlackElo "2770"]
[PlyCount "121"]
[EventDate "2024.07.25"]
[EventType "k.o."]

1. Nf3 c5 2. g3 Nc6 3. d4 cxd4 4. Nxd4 g6 5. e4 Bg7 6. c3 Nf6 7. Bg2 O-O 8. O-O d6 9. h3 Bd7 10. Nd2 $146 ({RR} 10. Be3 Qc8 11. Kh2 Ne5 12. Nd2 a6 13. Qe2 Rb8 14. c4 Ne8 15. Rac1 Nc6 16. N2f3 Nc7 17. b3 Ne6 18. Rfd1 Nc5 19. Ne1 a5 20. Nxc6 Bxc6 21. Bd4 Ne6 22. Bxg7 Nxg7 23. Qd2 f5 24. exf5 Bxg2 {Camps,R-Rodriguez de Castro,A Teeside 1973 ½-½ (41)}) 10... Rc8 11. N2b3 a6 12. f4 b5 13. Be3 Qc7 14. Rc1 Rfe8 15. Nd2 Qb8 16. Qe2 Na5 17. Qf2 Nc4 18. Nxc4 Rxc4 19. b3 Rcc8 20. g4 h6 21. f5 g5 22. Ne2 Bc6 23. Ng3 Qb7 24. Bd4 Bxe4 25. Nxe4 Nxe4 26. Bxg7 Nxf2 27. Bxb7 Nxh3+ 28. Kh2 Rc7 29. Kxh3 Kxg7 30. Bxa6 Ra8 31. Bxb5 Rxa2 32. c4 Kf6 33. Rf3 Rb2 34. Rcf1 Rc5 35. Ba4 Rd2 36. R1f2 Rd1 37. Re2 Ra5 38. Rfe3 Ra7 39. Kg2 Rd4 40. Re4 Rd3 41. R2e3 Rd2+ 42. Kf3 Rh2 43. Kg3 Rd2 44. Re2 Rd3+ 45. Kf2 Rh3 46. Ke1 h5 47. gxh5 Rxh5 48. Kd2 Rh1 49. Kc3 Rf1 50. Bc6 Rxf5 51. b4 Rf3+ 52. Kb2 Raa3 53. b5 Rfc3 54. Rf2+ Kg6 55. Rxe7 Rab3+ 56. Ka2 Ra3+ 57. Kb1 Rxc4 58. Be4+ Kh5 59. Rb2 Kg4 60. b6 f5 61. b7 1-0

[Event "chess.com SpeedChess 2024"]
[Site "chess.com INT"]
[Date "2024.08.09"]
[Round "2.19"]
[White "Nakamura, Hi"]
[Black "Nepomniachtchi, I."]
[Result "1-0"]
[WhiteElo "2802"]
[BlackElo "2770"]
[PlyCount "93"]
[EventDate "2024.07.25"]
[EventType "k.o."]

1. Nf3 c5 2. g3 Nc6 3. Bg2 g6 4. d4 cxd4 5. Nxd4 Bg7 6. Nb3 Nf6 7. O-O O-O 8. e4 d6 9. Nc3 Be6 10. Nd5 ({RR} 10. Qe2 Rc8 11. Be3 Ne5 12. Rfd1 a6 13. Bd4 Nc4 14. Nd5 b5 15. Nxf6+ exf6 16. c3 Re8 17. f4 Qd7 18. Qf2 Bg4 19. Re1 a5 20. Be3 f5 21. exf5 Bxf5 22. Bd4 Bf8 23. Rad1 a4 24. Nc1 Rxe1+ {Bahmani,K (2207)-Rodriguez Avila,A (2212) chess.com INT 2025 0-1 (62)}) 10... Rc8 11. c3 Ne5 12. h3 $146 ({RR} 12. Nd4 Bg4 13. Qb3 b6 14. Bg5 Nxd5 15. exd5 Qd7 16. Rae1 f6 17. Bd2 Bh3 18. Ne6 Bxe6 19. dxe6 Qc7 20. a4 Qc4 21. Qxc4 Rxc4 22. b3 Rc7 23. c4 f5 24. Bd5 Nd3 25. Re3 Nc5 26. a5 Bh6 {Gharibyan,M (2486)-Melikyan,G (2238) chess.com INT 2023 0-1 (54)}) ({RR} 12. Nd4 Bg4 13. Qb3 Nxd5 14. exd5 Qd7 15. f3 Bh3 16. Bxh3 Qxh3 17. Bg5 h6 18. Bf4 Nd3 19. Be3 Qd7 20. Rad1 Ne5 21. Qc2 b5 22. Qe2 Qb7 23. Nxb5 Rb8 24. Nxa7 Qxb2 25. Qxb2 Rxb2 26. Rf2 Rfb8 {Koneru,H (2508)-Mamedyarov,S (2646) Dubai 2005 0-1 (58)}) 12... Nc4 13. Re1 Re8 14. Nd4 Bd7 15. Qe2 b5 16. Bg5 e6 17. Nxf6+ Bxf6 18. Bxf6 Qxf6 19. Rad1 e5 20. Nf3 Qe7 21. Nh2 Be6 22. Nf1 a5 23. b3 Na3 24. Qb2 b4 25. c4 a4 26. Ne3 axb3 27. axb3 Rc6 28. Rd3 Rb8 29. Qd2 Rbb6 30. f4 exf4 31. Nd5 Qa7 32. Nxb6 Qxb6+ 33. Qf2 fxg3 34. Qxb6 Rxb6 35. Rc1 Rc6 36. e5 d5 37. Bxd5 Rc5 38. Bxe6 fxe6 39. Re3 Nb5 40. Kg2 Nd4 41. Rd3 Nf5 42. Rd7 Ra5 43. Rd3 Ra2+ 44. Kg1 Re2 45. c5 Ne3 46. Rxe3 Rxe3 47. c6 1-0

[Event "chess.com SpeedChess 2024"]
[Site "chess.com INT"]
[Date "2024.08.09"]
[Round "2.21"]
[White "Nakamura, Hi"]
[Black "Nepomniachtchi, I."]
[Result "1-0"]
[WhiteElo "2802"]
[BlackElo "2770"]
[PlyCount "72"]
[EventDate "2024.07.25"]
[EventType "k.o."]

1. Nf3 Nf6 2. g3 b6 3. Bg2 Bb7 4. O-O e6 5. d4 c5 6. c4 cxd4 7. Qxd4 Nc6 8. Qf4 Be7 9. Nc3 O-O 10. Rd1 Rc8 11. b3 a6 12. Bb2 Qc7 13. Qxc7 Rxc7 14. Nd4 $146 ({RR} 14. Nd5 exd5 15. cxd5 Bc5 16. dxc6 dxc6 17. Ng5 Be7 18. Be5 Rcc8 19. Ne4 Rfd8 20. Nxf6+ Bxf6 21. Bxf6 gxf6 22. b4 Kf8 23. Be4 h6 24. a4 Ke7 25. a5 b5 26. f3 Rc7 27. Rxd8 Kxd8 28. Rc1 Ke7 {Barcza,G-Portisch,L Budapest 1956 1-0 (41)}) ({RR} 14. Rac1 Na7 15. Na4 b5 16. cxb5 Rxc1 17. Rxc1 axb5 18. Nc5 Bc6 19. Nd4 Bxg2 20. Kxg2 Rc8 21. Nd3 Rxc1 22. Bxc1 Nd5 23. Bd2 Bf6 24. Nf3 Nc3 25. Bxc3 Bxc3 26. Nfe1 Kf8 27. Nc2 Ke7 28. e4 Nc6 {Garv,G (2388)-Fedoseev,V (2685) chess.com INT 2024 0-1 (63)}) 14... Rfc8 15. Nxc6 Bxc6 16. Bxc6 Rxc6 17. Rd3 Kf8 18. Rad1 Ke8 19. Kg2 h5 20. h3 g6 21. e3 Bb4 22. Ne2 Be7 23. Bxf6 Bxf6 24. Rxd7 b5 25. Ra7 bxc4 26. bxc4 R8c7 27. Rxc7 Rxc7 28. Rd6 Rxc4 29. Rxa6 Rc2 30. Ng1 Rb2 31. Nf3 Bc3 32. g4 hxg4 33. hxg4 Kf8 34. Ra7 Kg7 35. Ng5 Be1 36. Rxf7+ Kh6 1-0

[Event "Saint Louis Rapid 2024"]
[Site "Saint Louis USA"]
[Date "2024.08.14"]
[Round "9.2"]
[White "Nakamura, Hi"]
[Black "Praggnanandhaa, R."]
[Result "1-0"]
[WhiteElo "2802"]
[BlackElo "2749"]
[PlyCount "115"]
[EventDate "2024.08.12"]
[EventType "rapid"]

1. Nf3 Nf6 2. g3 g6 3. b3 Bg7 4. Bb2 b6 5. c4 Bb7 6. Bg2 c5 7. e3 O-O 8. O-O d5 9. Qe2 Nc6 10. Ne5 ({RR} 10. d4 dxc4 11. bxc4 cxd4 12. exd4 e6 13. Nbd2 Qc7 14. Rac1 Rfd8 15. Rfe1 Rac8 16. Nb3 Qb8 17. a4 Qa8 18. h4 Ne7 19. d5 exd5 20. Qxe7 Rd7 21. Qe2 dxc4 22. Nbd2 Rxd2 23. Nxd2 Bxg2 24. f3 Bh3 {Kazakouski,V (2608)-Boyer,M (2415) chess.com INT 2024 1-0 (39)}) ({RR} 10. d3 e6 11. Rd1 Qe7 12. Nc3 Rfd8 13. cxd5 Nxd5 14. Nxd5 Rxd5 15. Bxg7 Kxg7 16. Rd2 Rad8 17. Rad1 R5d6 18. h4 Nb4 19. Ne5 Bxg2 20. Kxg2 Rd5 21. Nf3 Qf6 22. d4 cxd4 23. Nxd4 e5 24. Nf3 Rxd2 {Nakamura,H (2778)-Daneshvar,B (2591) chess.com INT 2023 1-0 (48)}) 10... Qc7 11. f4 Rad8 12. d3 a6 $146 ({RR} 12... dxc4 13. bxc4 Nxe5 14. Bxe5 Qd7 15. Bxb7 Qxb7 16. Nc3 Rd7 17. Rab1 Rfd8 18. Bxf6 Bxf6 19. Ne4 Qc6 20. Rb3 Bg7 21. f5 gxf5 22. Rxf5 h6 23. Rf4 Qg6 24. Nf2 e5 25. Rg4 Qe6 26. e4 Kh7 27. Rh4 {Liu,Y (2516)-Lin,Y (2345) Daqing 2018 ½-½ (46)}) 13. Nd2 dxc4 14. bxc4 Nd7 15. Nxc6 Bxc6 16. Bxg7 Bxg2 17. Qxg2 Kxg7 18. Nf3 Nb8 19. Rfd1 Rd6 20. Rab1 Kg8 21. Rb3 Nc6 22. a3 Rb8 23. Qc2 Rbd8 24. Qc3 Na5 25. Rb2 Qc6 26. Ne5 Qa8 27. Ng4 f6 28. Nf2 Qf3 29. Qc1 Qc6 30. Qc2 Qf3 31. Re1 Kg7 32. Qe2 Qxe2 33. Rexe2 e5 34. Rec2 exf4 35. gxf4 Re6 36. Re2 Rde8 37. Kg2 Kf7 38. Kf3 Nc6 39. Ne4 Ne7 40. Ng3 Nc6 41. Ne4 Ne7 42. a4 a5 43. Rb3 h6 44. Reb2 f5 45. Nc3 Nc6 46. Nd5 Nb4 47. Re2 g5 48. Nc7 g4+ 49. Kf2 Rd6 50. Nxe8 Rxd3 51. Rxd3 Nxd3+ 52. Kg3 Kxe8 53. e4 fxe4 54. Kxg4 Kf7 55. Kf5 e3 56. Rxe3 Nb2 57. Rc3 Nxa4 58. Rb3 1-0

[Event "Saint Louis Rapid 2024"]
[Site "Saint Louis USA"]
[Date "2024.08.14"]
[Round "9.5"]
[White "Caruana, F."]
[Black "Nepomniachtchi, I."]
[Result "1-0"]
[WhiteElo "2793"]
[BlackElo "2767"]
[PlyCount "145"]
[EventDate "2024.08.12"]
[EventType "rapid"]

1. Nf3 d5 2. g3 Bg4 3. Bg2 e6 4. c4 c6 5. Qb3 Qb6 6. d3 Nd7 7. O-O Ngf6 8. Be3 Bc5 9. Bxc5 Nxc5 10. Qc2 O-O 11. Nbd2 a5 ({RR} 11... Rfe8 12. Rfb1 a5 13. a3 a4 14. b4 axb3 15. Nxb3 Nxb3 16. Rxb3 Qc5 17. Rxb7 Rxa3 18. Rxa3 Qxa3 19. Ne5 Qa6 20. Rb1 Bf5 21. h3 h6 22. cxd5 cxd5 23. Qc7 Rf8 24. Rb7 Ne8 25. Qe7 Qd6 26. Qxd6 {Leiva,G (2387)-Player,E (2130) chess.com INT 2025 0-1}) 12. b3 $146 ({RR} 12. Rac1 Ncd7 13. Rfe1 Rfe8 14. e3 h6 15. h3 Bf5 16. c5 Qa6 17. e4 Bh7 18. Bf1 e5 19. a3 a4 20. exd5 cxd5 21. Qc3 Qa5 22. Qxa5 Rxa5 23. c6 bxc6 24. Rxc6 e4 25. dxe4 dxe4 26. Nc4 Rd5 {Roos,D (2421)-Bricard,E (2461) France 2000 ½-½ (58)}) 12... Rfe8 13. a3 e5 14. cxd5 cxd5 15. Rac1 Rac8 16. Qb2 Bxf3 17. Nxf3 Qxb3 18. Rb1 Qxb2 19. Rxb2 g6 20. Rb5 a4 21. Bh3 Ne6 22. Rxb7 Rc7 23. Rxc7 Nxc7 24. Rb1 e4 25. Nd4 exd3 26. exd3 Kg7 27. Kf1 Na6 28. Rb5 Rb8 29. Ra5 Rb6 30. Ke2 h5 31. Bc8 Nc7 32. Rxa4 Nb5 33. Nxb5 Rxb5 34. Ke3 Rb8 35. Bh3 Rb2 36. Rb4 Ra2 37. a4 Kf8 38. Bc8 Ne8 39. h4 Nd6 40. Bh3 Ke7 41. Rd4 Ra3 42. Rb4 Ra2 43. Rf4 Ra3 44. Kd2 Nb7 45. Rd4 Ra2+ 46. Kc3 Nd6 47. Bg2 Rxf2 48. Bxd5 Rf1 49. Rf4 Rg1 50. a5 f5 51. Rf2 Rxg3 52. a6 Rg4 53. Bc4 Nc8 54. Rb2 Rxh4 55. Rb7+ Kd6 56. a7 Nxa7 57. Rxa7 Rg4 58. Bf7 Ke5 59. Ra6 g5 60. Bxh5 Rg1 61. Bg6 Rc1+ 62. Kd2 Rf1 63. Ke2 Rf4 64. Ke3 Kd5 65. Bf7+ Kc5 66. Rf6 Rf1 67. Ke2 Rf4 68. Bg6 Kd4 69. Rxf5 Rg4 70. Kf3 Rg1 71. Kf2 Rg4 72. Ra5 Kc3 73. Be4 1-0

[Event "Saint Louis Blitz 2024"]
[Site "Saint Louis USA"]
[Date "2024.08.15"]
[Round "2.4"]
[White "Nakamura, Hi"]
[Black "Abdusattorov, Nodirbek"]
[Result "1-0"]
[WhiteElo "2802"]
[BlackElo "2762"]
[PlyCount "80"]
[EventDate "2024.08.15"]
[EventType "blitz"]

1. Nf3 e6 2. g3 b6 3. d3 Bb7 4. Bg2 Nf6 5. e4 d5 6. e5 Nfd7 7. O-O Be7 8. Re1 c5 9. c3 ({RR} 9. c4 d4 10. h4 Qc7 11. Bf4 Nc6 12. Nbd2 h6 13. Ne4 O-O-O 14. Nd6+ Bxd6 15. exd6 Qb8 16. a3 f6 17. Rxe6 Nce5 18. Bxe5 fxe5 19. Nxe5 Bxg2 20. Kxg2 Nxe5 21. Rxe5 Qxd6 22. Qg4+ Rd7 23. Rae1 Kc7 {Gabrielian,A (2428)-Bynum,J (2109) chess.com INT 2024 1-0 (53)}) 9... Nc6 10. d4 b5 $146 ({RR} 10... O-O 11. h4 Re8 12. Bf4 f6 13. exf6 Bxf6 14. Na3 cxd4 15. cxd4 e5 16. dxe5 Ndxe5 17. Nxe5 Nxe5 18. Qb3 Qd7 19. Rad1 Rad8 20. Nb5 Kh8 21. Bxe5 Bxe5 22. Nxa7 d4 23. Bxb7 Qxb7 24. Nb5 Qd7 25. Qd3 {Pelikan,J-Serra,J Mar del Plata 1961 1-0 (51)}) 11. h4 b4 12. Be3 O-O 13. Nbd2 bxc3 14. bxc3 Ba6 15. Qa4 Qc8 16. Bg5 Rb8 17. Bxe7 Nxe7 18. Bf1 Bxf1 19. Nxf1 Qc6 20. Qd1 Rb2 21. Ne3 Rfb8 22. Re2 Qa6 23. Rc2 h6 24. h5 Qa3 25. Qc1 cxd4 26. Nd1 dxc3 27. Rxc3 Qa4 28. Nxb2 Qg4 29. Nd1 Qxh5 30. Rb1 Nb6 31. Qd2 Nf5 32. Rb4 Rd8 33. Rf4 d4 34. Rd3 Nd5 35. Rfxd4 Nxd4 36. Nxd4 Rb8 37. Qe2 Qg6 38. Rb3 Rc8 39. Kh2 Rc1 40. Ne3 Nc3 1-0

[Event "Saint Louis Blitz 2024"]
[Site "Saint Louis USA"]
[Date "2024.08.15"]
[Round "6.1"]
[White "Nakamura, Hi"]
[Black "Dominguez Perez, L."]
[Result "1-0"]
[WhiteElo "2802"]
[BlackElo "2748"]
[PlyCount "73"]
[EventDate "2024.08.15"]
[EventType "blitz"]

1. Nf3 Nf6 2. g3 c5 3. e3 Nc6 4. d4 cxd4 ({RR} 4... d5 5. Bg2 cxd4 6. Nxd4 Bg4 7. Nxc6 bxc6 8. Qd3 e5 9. b3 Bb4+ 10. c3 e4 11. Qa6 Be7 12. Qxc6+ Bd7 13. Qa6 Rb8 14. Ba3 O-O 15. Bxe7 Qxe7 16. Qa3 Qe5 17. O-O Qh5 18. Nd2 Bh3 19. f3 {Nakamura,H (2802)-Caruana,F (2793) Saint Louis USA 2024 0-1 (61)}) 5. exd4 d5 $146 ({RR} 5... e6 6. Bg2 d5 7. O-O Be7 8. Be3 O-O 9. Nbd2 b5 10. b3 Ba6 11. Qe2 Qc8 12. c4 bxc4 13. bxc4 dxc4 14. Nxc4 Na5 15. Nfe5 Nxc4 16. Nxc4 Bxc4 17. Qd1 Bxf1 18. Bxa8 Qxa8 19. Qxf1 Ng4 20. Bd2 {Hengstmann,M (1246)-Koetter,H (1298) Germany 2004 0-1}) 6. Bg2 Bf5 7. O-O e6 8. Qe2 Be7 9. c3 O-O 10. Nbd2 Ne4 11. Nb3 h6 12. Ne5 Nxe5 13. dxe5 Nc5 14. Nd4 Be4 15. h4 Bxg2 16. Kxg2 Rc8 17. Bf4 a6 18. Rad1 b5 19. a3 Qb6 20. Rfe1 Rfe8 21. Qg4 Kh7 22. Qh5 Kg8 23. Qg4 Kh7 24. Be3 Qb7 25. h5 a5 26. f4 b4 27. cxb4 axb4 28. f5 bxa3 29. bxa3 exf5 30. Qxf5+ Kg8 31. Qg4 Qa6 32. Nf5 Bf8 33. Nxh6+ Kh7 34. Qf5+ g6 35. Qxf7+ Bg7 36. Ng4 Ne4 37. hxg6+ 1-0

[Event "Kallai Gabor Mem 2024"]
[Site "Budapest HUN"]
[Date "2024.08.17"]
[Round "6.2"]
[White "Kozak, Adam"]
[Black "Erdos, V."]
[Result "1-0"]
[WhiteElo "2604"]
[BlackElo "2538"]
[PlyCount "81"]
[EventDate "2024.08.15"]

1. Nf3 Nf6 2. g3 g6 3. b3 Bg7 4. Bb2 O-O 5. Bg2 c5 6. O-O d6 7. c4 e5 8. Nc3 Nc6 9. d3 Bf5 10. Nd2 Qd7 11. Nde4 ({RR} 11. a3 Bh3 12. e3 Bxg2 13. Kxg2 d5 14. e4 dxc4 15. dxc4 Nd4 16. Re1 Rad8 17. Nf3 Rfe8 18. h3 b6 19. a4 Qb7 20. Nd5 Nxd5 21. exd5 Nxf3 22. Qxf3 e4 23. Qe2 f5 24. Bxg7 Qxg7 25. a5 Qf6 {Anton Guijarro,D (2685)-Huzman,A (2567) Moscow 2019 1-0 (38)}) ({RR} 11. Re1 Bh3 12. Bh1 h6 13. a3 a5 14. Nde4 Nxe4 15. dxe4 f5 16. exf5 Qxf5 17. Ne4 Rad8 18. e3 Kh7 19. Bc3 b6 20. Ra2 Bg4 21. Qd5 Ne7 22. Qb7 Bf3 23. Bxf3 Qxf3 24. Rd2 Nc8 25. Qd5 Ne7 {Pineda Polanco,A (2183)-Soriano Quispe,I (2321) Temuco CHI 2025 0-1 (43)}) 11... Rad8 12. Nxf6+ $146 ({RR} 12. e3 Bh3 13. Nxf6+ Bxf6 14. Qd2 Bxg2 15. Kxg2 Bg7 16. Nd5 f5 17. f3 Rf7 18. a3 Ne7 19. e4 Nxd5 20. cxd5 Qb5 21. Qc2 Bh6 22. a4 Qd7 23. Rae1 Rdf8 24. Bc3 g5 25. Qe2 b5 26. axb5 Qxb5 {Marin,M (2539)-Naiditsch,A (2687) Tallinn 2016 0-1 (63)}) 12... Bxf6 13. Nd5 Bg7 14. f4 Bh3 15. Bxh3 Qxh3 16. f5 gxf5 17. e3 Rfe8 18. Qf3 Ne7 19. Nc7 Rf8 20. Nd5 Rfe8 21. Nxe7+ Rxe7 22. e4 fxe4 23. dxe4 Rdd7 24. Qe2 Re6 25. Rf5 Rf6 26. Rh5 Qe6 27. Bc1 a6 28. Be3 Bh6 29. Bxh6 Rxh6 30. Rf5 Rg6 31. Kg2 Rc7 32. Raf1 b5 33. cxb5 axb5 34. Qxb5 c4 35. Qb6 Qc8 36. bxc4 d5 37. Qf2 dxc4 38. Rxf7 Rxf7 39. Qxf7+ Kh8 40. Qe7 Kg8 41. Rd1 1-0

[Event "Niemann-Vidit Blitz 2024"]
[Site "North Richland Hills, TX USA"]
[Date "2024.06.22"]
[Round "3.5"]
[White "Niemann, Hans Moke"]
[Black "Vidit, S."]
[Result "1-0"]
[WhiteElo "2688"]
[BlackElo "2721"]
[PlyCount "126"]
[EventDate "2024.06.22"]
[EventType "blitz"]

1. Nf3 d5 2. g3 c5 3. Bg2 Nf6 4. O-O g6 5. d3 Bg7 6. Nbd2 O-O 7. e4 Nc6 8. Re1 e5 9. exd5 Nxd5 10. Nc4 f6 11. c3 Be6 12. a4 Qd7 13. Nfd2 b6 14. Ne4 Rfd8 15. a5 Rab8 16. axb6 $146 ({RR} 16. Qc2 h6 17. axb6 axb6 18. f4 f5 19. Nf2 exf4 20. gxf4 b5 21. Ne5 Nxe5 22. fxe5 Qc7 23. Qe2 b4 24. Bd2 bxc3 25. Bxc3 Nf4 26. Qf1 Qf7 27. Ra6 Nxg2 28. Qxg2 Rd5 29. Rea1 Rbd8 30. Ra7 R8d7 {Piskur,M (2322)-Krstulovic,A (2346) Zadar 2017 0-1 (43)}) 16... axb6 17. h4 h6 18. Qe2 f5 19. Ned2 b5 20. Na5 Nxa5 21. Rxa5 Bf7 22. Ra6 Rb6 23. Ra5 Nf6 24. c4 Ng4 25. Bf3 h5 26. b3 bxc4 27. Nxc4 Rxb3 28. Rxc5 Qxd3 29. Qxd3 Rbxd3 30. Bxg4 hxg4 31. Nxe5 Rd1 32. Kf1 Rxe1+ 33. Kxe1 Re8 34. Bf4 Bxe5 35. Bxe5 Rd8 36. Ke2 Be6 37. Rc6 Kf7 38. Ke3 Rc8 39. Rb6 Rc4 40. Rb7+ Ke8 41. Bd4 Ra4 42. Rc7 Rc4 43. Ra7 Rb4 44. Kd3 Rb3+ 45. Bc3 Rb5 46. Kd4 Rd5+ 47. Ke3 Rc5 48. Ra3 Rc4 49. Bd4 Kf7 50. Rd3 Bd5 51. Kf4 Be4 52. Rd2 Rc2 53. Rd1 Ke6 54. Kg5 Bf3 55. Ra1 Rc6 56. Ra5 Kf7 57. Ra7+ Ke6 58. Rg7 Kd5 59. Be3 Be4 60. Bf4 Rc2 61. Kxg6 Rxf2 62. h5 Rh2 63. h6 Kd4 1-0

[Event "Titled Tue 13th Aug Early"]
[Site "chess.com INT"]
[Date "2024.08.13"]
[Round "6"]
[White "Indjic, A."]
[Black "Grischuk, A."]
[Result "1-0"]
[WhiteElo "2610"]
[BlackElo "2708"]
[PlyCount "81"]
[EventDate "2024.08.13"]

1. Nf3 d5 2. e3 Nf6 3. c4 e6 4. Nc3 c5 5. cxd5 exd5 6. d4 Nc6 7. Bb5 cxd4 8. exd4 Bd6 9. O-O O-O 10. Bg5 Bg4 11. Bxc6 bxc6 12. h3 Bxf3 13. Qxf3 Be7 14. Rfe1 Re8 15. Re2 $146 ({RR} 15. Qd3 Rb8 16. Re2 h6 17. Bh4 Nh5 18. Bxe7 Rxe7 19. Qf3 Rxe2 20. Qxe2 Nf4 21. Qa6 Qg5 22. g3 Nxh3+ 23. Kg2 Qf5 24. Nd1 Ng5 25. Qxa7 Qh3+ {0-1 (25) Brummelaar,L-Molenaar,J Hengelo 1997}) 15... h6 16. Bh4 Qd7 17. Rae1 Bd8 18. Rxe8+ Nxe8 19. Qg4 f5 20. Qh5 Nf6 21. Qg6 Ne4 22. Bxd8 Rxd8 23. f3 Ng5 24. h4 Nf7 25. Re6 Nd6 26. Na4 Nb5 27. Nc5 Qf7 28. Qxf7+ Kxf7 29. Rxc6 Nxd4 30. Rc7+ Kf6 31. Rxa7 Re8 32. b4 Re1+ 33. Kf2 Re2+ 34. Kf1 Rc2 35. Ra6+ Kf7 36. Nd3 Ne2 37. Ke1 Ng3 38. b5 Rxg2 39. b6 Re2+ 40. Kd1 Re3 41. Nc5 1-0

[Event "Titled Tue 13th Aug Early"]
[Site "chess.com INT"]
[Date "2024.08.13"]
[Round "10"]
[White "Erigaisi, Arjun"]
[Black "Bacrot, E."]
[Result "1-0"]
[WhiteElo "2778"]
[BlackElo "2677"]
[PlyCount "43"]
[EventDate "2024.08.13"]

1. Nf3 d5 2. c4 d4 3. e3 c5 4. b4 dxe3 5. fxe3 cxb4 6. d4 e6 7. Bd3 Nf6 8. O-O Be7 ({RR} 8... Nc6 9. Nbd2 Be7 10. Bb2 O-O 11. e4 e5 12. d5 Bc5+ 13. Kh1 Ng4 14. Qe2 Nd4 15. Nxd4 Bxd4 16. Bxd4 exd4 17. h3 Ne5 18. Nf3 Re8 19. Nxd4 Qg5 20. Nf3 Qg3 21. Nxe5 Qxe5 22. Qf3 f6 23. Rab1 {Gibala,A (2196)-Costello,A (2262) chess.com INT 2025 ½-½ (72)}) 9. Bb2 Nc6 ({RR} 9... Nbd7 10. Qe2 O-O 11. Nbd2 b6 12. Rad1 Qc7 13. Ne5 Nxe5 14. dxe5 Nd7 15. Bxh7+ Kxh7 16. Qh5+ Kg8 17. Rf3 f5 18. Rh3 Nxe5 19. Ne4 Bd7 20. Bxe5 Qxe5 21. Rxd7 Qa1+ 22. Rd1 Qe5 23. Qh7+ Kf7 24. Qh5+ {Turner,M (2517)-Hammer,J (2647) England 2011 ½-½}) 10. e4 Ng4 $146 ({RR} 10... O-O 11. e5 Ng4 12. Qe2 h5 13. Nbd2 a5 14. h3 Nh6 15. Qe4 g6 16. g4 hxg4 17. hxg4 Kg7 18. Rf2 Rh8 19. Raf1 a4 20. Qf4 a3 21. Ba1 b3 22. axb3 Nb4 23. Be4 Bd7 24. Rh2 Qb6 25. Kg2 {Maksimovic,B (2150)-Keca,D Nis 1983 1-0 (38)}) 11. Qe2 e5 12. h3 h5 13. d5 Bc5+ 14. Kh1 Nd4 15. Nxd4 exd4 16. Nd2 Qh4 17. Nf3 Qg3 18. Qe1 Qf4 19. e5 Ne3 20. Rf2 Qg3 21. Re2 Bxh3 22. Qxg3 1-0

[Event "Titled Tue 13th Aug Late"]
[Site "chess.com INT"]
[Date "2024.08.13"]
[Round "5"]
[White "Carlsen, M."]
[Black "Svane, R."]
[Result "1-0"]
[WhiteElo "2832"]
[BlackElo "2633"]
[PlyCount "88"]
[EventDate "2024.08.13"]

1. Nf3 {Besenthal,Klaus Guenter} d5 2. g3 Nf6 3. Bg2 e6 4. O-O Be7 5. d3 O-O 6. Bf4 Nc6 7. c4 ({RR} 7. d4 b6 8. c4 Bb7 9. Nc3 Na5 10. cxd5 Nxd5 11. Nxd5 Bxd5 12. Qc2 Rc8 13. e4 Bb7 14. Rad1 Qd7 15. Ne5 Qb5 16. Rfe1 Rfd8 17. Bh3 Bb4 18. Re3 Bd6 19. d5 Bxe5 20. Bxe5 Nc4 21. Rb3 Qa4 {Kramnik,V (2812)-Aronian,L (2792) Leuven 2016 CBM 173 [Besenthal,Klaus Guenter] 1-0 (36)}) ({RR} 7. d4 Bd6 8. e3 Bxf4 9. exf4 Ne8 10. h4 Nd6 11. Ne5 Nxe5 12. fxe5 Nf5 13. Bh3 Ne7 14. f4 c5 15. dxc5 b6 16. c6 Nxc6 17. Nd2 Ba6 18. Rf2 Qe7 19. Nb3 Rac8 20. Qd2 Rfd8 21. Bg2 Bc4 {Bodrogi,B (2451)-Palczert,M (2409) Budapest HUN 2025 1-0 (69)}) 7... Bd6 $146 ({RR} 7... d4 8. Na3 Nd7 9. Bd2 e5 10. Rb1 Nb4 11. Bxb4 Bxb4 12. Nc2 Be7 13. b4 a5 14. a3 Re8 15. Re1 c5 16. Nd2 Qc7 17. e3 dxe3 18. Nxe3 cxb4 19. Nd5 Qd8 20. axb4 Bxb4 21. Nxb4 axb4 22. Rxb4 {Andreikin,D (2729)-Fedoseev,V (2687) chess.com INT 2024 1-0 (43)}) 8. Bxd6 Qxd6 9. Nc3 d4 10. Nb5 Qd8 11. Na3 e5 12. Nc2 a5 13. a3 a4 14. Nb4 Re8 15. Nxc6 bxc6 16. Nd2 Ra6 17. b4 axb3 18. Qxb3 Bg4 19. Rfe1 Qd6 20. a4 Rea8 21. h3 Bf5 22. c5 Qd7 23. Nc4 Be6 24. Reb1 Qe7 25. Qb4 Nd5 26. Qb8+ Qe8 27. Qxe8+ Rxe8 28. Nxe5 f6 29. Nf3 Nc3 30. Rb2 Rd8 31. a5 Bd5 32. Kf1 Nb5 33. Rb4 Rda8 34. Nxd4 Bxg2+ 35. Kxg2 Nxd4 36. Rxd4 Rxa5 37. Rxa5 Rxa5 38. Rd8+ Kf7 39. Rd7+ Kf8 40. d4 Ra7 41. g4 h6 42. h4 g6 43. h5 gxh5 44. gxh5 f5 1-0